书目信息 |
| 题名: |
南斯拉夫简史
|
|
| 作者: | 克利索德 主编 ;达比 著 ;黑龙江大学英语系 译 | |
| 分册: | ||
| 出版信息: | 哈尔滨 黑龙江人民出版社 1976.10 |
|
| 页数: | 448页 | |
| 开本: | 20cm | |
| 丛书名: | ||
| 单 册: | ||
| 中图分类: | K543.0 | |
| 科图分类: | ||
| 主题词: | 南欧--历史 | |
| 电子资源: | ||
| ISBN: | ||
| 000 | 00842nam0 2200253 45 | |
| 001 | 0212171481 | |
| 005 | 20040512083903.2 | |
| 010 | @dCNY1.60 | |
| 091 | @a11093.9 | |
| 100 | @a20021217d1976 km y0chiy0120 ea | |
| 101 | 0 | @achi |
| 105 | @a z 001yy | |
| 200 | 1 | @a南斯拉夫简史@ANan Si La Fu Jian Shi@e从古代到1966年@ECong Gu Dai Dao 1966 Nian@f(英)斯蒂芬·克利索德主编@F(Ying)Si Di Fen·Ke Li Suo De Zhu Bian@g达比等著@g黑龙江大学英语系翻译 |
| 210 | @a哈尔滨@c黑龙江人民出版社@d1976.10 | |
| 215 | @a448页@d20cm | |
| 300 | @a内部读物 | |
| 517 | @a从古代到1966年@ACong Gu Dai Dao 1966 Nian | |
| 606 | 0 | @a南欧@x历史 |
| 690 | @aK543.0@v3 | |
| 701 | 0 | @a克利索德@4主编 |
| 702 | 0 | @a达比@ADa Bi@4著 |
| 712 | 02 | @a黑龙江大学英语系@AHei Long Jiang Da Xue Ying Yu Xi@4译 |
| 801 | @aCN@bTSTC@c20021217 | |
| 905 | @dK543.0@e5@f1@b228389 | |
| 南斯拉夫简史:从古代到1966年/(英)斯蒂芬·克利索德主编/达比等著/黑龙江大学英语系翻译.-哈尔滨:黑龙江人民出版社,1976.10 |
| 448页;20cm |
| 内部读物 |
| ISBN :CNY1.60 |
| ● |
| 相关链接 |
|
|
|
|
正题名:南斯拉夫简史
索取号:K543.0/5
 
预约/预借
| 序号 | 登录号 | 条形码 | 馆藏地/架位号 | 状态 | 备注 |
| 1 | 0219162 | 001737062 | 第二样本阅览室/ [索取号:K543.0/5] | 在馆 | |
| 2 | 0228389 | 001394878 | 第二借阅区/ [索取号:K543.0/5] | 在馆 |